000 00636nam a2200193Ia 4500
003 Ost
005 20260507075701.0
008 260507s9999||||xx |||||||||||||| ||und||
020 _a4038069957
040 _cfsecg
041 _aara
100 _aالجيوشي، محمد رسلان
_eمؤلف
245 0 _aالادارة :
_bعلم و تطبيق /
_c محمد رسلان الجيوشي
260 _aعمان:
_bدار المسيرة للنشر و التوزيع و الطباعة,
_c2000
300 _a214 صفحة؛
653 _aادارة
700 _aجاد الله، جميلة
_eمؤلف ثانوي
942 _cكتاب
999 _c45834
_d45834